000 00332nam a2200133Ia 4500
008 240624s9999 xx 000 0 und d
041 _aeng
082 _a658.408 GAR
100 _aGARFIELD CHARLES
245 _aSOUL OF BUSINESS
260 _c1997
_aUnited State
_bHay House
300 _axii, : 226 : p. : cm. ; 21
365 _cRS
_b35
999 _c7923
_d7923